Loading...
| Fine Arts - Visual Fine Arts | 0 | 5 | 0 | 2 | 50 | 94 | 129.80 | 1 | 5 |
| History - Other History | 1 | 3 | 0 | 0 | 45 | 67 | 83.00 | 1 | 4 |
| History - European History | 1 | 2 | 0 | 0 | 35 | 72 | 76.33 | 3 | 3 |
| Fine Arts - Auditory Fine Arts | 0 | 4 | 2 | 0 | 30 | 92 | 118.25 | 1 | 4 |
| Literature - European Literature | 0 | 3 | 0 | 0 | 30 | 91 | 101.67 | 2 | 3 |
| Fine Arts - Other Fine Arts | 0 | 2 | 0 | 1 | 20 | 119 | 120.50 | 1 | 2 |
| Social Science | 0 | 2 | 0 | 0 | 20 | 107 | 116.50 | 0 | 2 |
| Literature - World Literature | 0 | 2 | 0 | 0 | 20 | 91 | 99.50 | 2 | 2 |
| Science - Biology | 0 | 2 | 0 | 0 | 20 | 101 | 110.00 | 1 | 2 |
| History - American History | 0 | 2 | 0 | 1 | 20 | 72 | 99.00 | 0 | 2 |
| Literature - American Literature | 0 | 1 | 0 | 0 | 10 | 105 | 105.00 | 1 | 1 |
| Other Academic | 0 | 1 | 0 | 0 | 10 | 106 | 106.00 | 0 | 1 |
| Science - Physics | 0 | 1 | 0 | 1 | 10 | 126 | 126.00 | 1 | 1 |
| Religion | 0 | 1 | 0 | 1 | 10 | 147 | 147.00 | 0 | 1 |
| History - World History | 0 | 1 | 2 | 0 | 0 | 99 | 99.00 | 1 | 1 |
| Science - Other Science | 0 | 0 | 1 | 0 | -5 | 0.00 | 0 | 0 | |
| Literature - British Literature | 0 | 0 | 1 | 0 | -5 | 0.00 | 0 | 0 | |
| Pop Culture | 0 | 0 | 1 | 0 | -5 | 0.00 | 0 | 0 |